=LDR 00000nam 2200000 4500 =001 INLIS000000000036356 =005 20130612142140 =008 ***********************************Ind** =035 ##$$0010-061300000036356 =041 ##$$a Ind =082 ##$$a 641.865 3 =090 ##$$a 641.865 3, Suk d =100 ##$$a Suchan, Lanny =245 ##$$a 25 resep kreasi jajan pasar dengan tampilan modern, lanny Soechan ; editor, Intarina Hardiman =260 ##$$a 2010 $b Jakarta =300 ##$$a 56 hlm, ilus, 24 cm =650 ##$$a Kue jajan pasar =700 ##$$a Hardiman, Intarina =850 ##$$a NBPNMAT =990 ##$$a 21400613/BPAP-NTB/20142014 =990 ##$$a 0001/BPAP-NTB/20142015 =990 ##$$a 0001/BPAP-NTB/20142015 =990 ##$$a 0001/BPAP-NTB/20142015